Emerging development patterns:European contributions selected papers of the 3rd general conference of EADI, November 11.-14. 1981 Budapest, Hungary
Salvato in:
| Altri autori: | , |
|---|---|
| Natura: | Libro |
| Lingua: | inglese |
| Pubblicazione: |
Budapest
Institute for World Economy of the Hungarian Academy of Sciences
1983
|
| Tags: |
Nessun Tag, puoi essere il primo ad aggiungerne!!
|
MARC
| LEADER | 00000nam a2200000 4500 | ||
|---|---|---|---|
| 001 | c134379 | ||
| 005 | 20230227122934.0 | ||
| 041 | 0 | |a eng | |
| 044 | |a HU | ||
| 245 | 1 | 0 | |a Emerging development patterns:European contributions |b selected papers of the 3rd general conference of EADI, November 11.-14. 1981 Budapest, Hungary |c Edited by István Dobozi, Péter Mándi |
| 264 | 1 | |a Budapest |b Institute for World Economy of the Hungarian Academy of Sciences |c 1983 | |
| 300 | |a 548 s. | ||
| 700 | 1 | |a Dobozi, István | |
| 700 | 1 | |a Mándi, Péter | |